| 000 | 00546nam a2200193Ia 4500 | ||
|---|---|---|---|
| 003 | GCL | ||
| 008 | 140319s9999 xx 000 0 eng d | ||
| 040 |
_aGCL / _cGCL |
||
| 082 | 0 | 4 |
_a830.9 _bS H |
| 100 | 1 | _aSTERN, JOEL M. | |
| 245 | 1 | 0 |
_aTHE HEART OF EUROPE: ESSAYS ON LITERATURE AND IDEOLOGY / _cSTERN, JOEL M. |
| 260 |
_a[S.N] : _bBLACK WELL ، _c1992 |
||
| 300 | _a415 P | ||
| 650 | 0 | 4 | _aCENTRAL EUROPE CIVILIZATION |
| 650 | 0 | 4 | _aHISTORY AND CRITICISM |
| 650 | 0 | 4 | _aLITERATURE - SOCIETY |
| 650 | 0 | 4 | _aGERMAN LITERATURE |
| 942 |
_2ddc _cBK |
||
| 999 |
_c25033 _d25033 |
||